00923nam a2200229 a 450000100100000000500170001000800410002704000250006808200150009310000240010824000320013224501240016425000110028826000370029930000210033649000420035770000330039983000490043204900090048195201860049099900170067600003484320200930073934.0111020s1970 ag 000 0 spa d aDO-SdBNPbspacBNPHU axxxxbF9321 aFromm, Erich95142910aThe present human condition13aLa condición humana actual y otros temas de la vida contemporánea /cErich Fromm ; traducción de Gerardo Steenks. a2a ed. aBuenos Aires :bPaidós,c1970. a123 p. ;c18 cm.1 aBiblioteca del hombre contemporáneo1 aSteenks, Gerardoetr.960371 0aBiblioteca del hombre contemporáneo951036 aBNPD 001050718MOaGRbGRcCTd2011-10-20iLF1l0oxxxx F932p34843-10r2020-06-25w2020-06-25y1zPerteneció a la biblioteca personal de Juan Isidro Jimenes -GrullónZNo se presta c34334d34334